000 01018 a2200193 4500
003 Nust
005 20220802180817.0
010 _a 93027585
020 _a0632053984
040 _cNust
082 0 0 _a621.31924,ATK
100 1 _aAtkinson, Bill.
_996356
245 1 0 _aElectrical installation designs /
_cBill Atkinson.
260 _aOxford [England] ;
_aBoston :
_bBlackwell Scientific Publications,
_c1994.
300 _a204 p. :
_bill. ;
_c25 cm.
505 _aIntroduction (Page-1), Three Bedroom House (Page-8), A Block Of Retirement Flatlets (Page-20), Overcurrent Protection (Page-35), An Architect’s Office (Page -43), A High Street Shop (Page-61), Earthing And Bonding (Page-75), Car Services Workshop (Page-90),Circuits (Page-109), Farming And Horticulture (Page-121), Isolation And Switching (Page-135), A Village Sports Centre (Page-141), An Indoor Swimming Pool (Page-156), Cables And Writing Systems (Page-168), Completion (Page-179).
650 0 _aTelecommunication Engineering.
942 _cREF
_2ddc
999 _c175600
_d175600